000
00319 a2200145 4500
001
164112
020
_a
040
_c
Magnum
100
_a
Mocelin, Renato
240
1
0
_a
Coluna prestes: a grande marcha
_l
por
245
1
0
_a
Coluna prestes: a grande marcha
362
0
_a
1899
697
_a
PARADIDATICO
942
_c
BK
999
_c
164112
_d
164112